Las instituciones en Colombia un anl̀isis sociolg̤ico /

Bibliographic Details
Main Author: Rodrg̕uez Garavito, Cšar
Other Authors: Portes, Alejandro
Format: eBook
Language:Spanish
Published: Bogot:̀ Universidad de Los Andes (Colombia), 2012
Subjects:
Online Access:Acceso restringido

MARC

LEADER 00000nam a22000007a 4500
005 20190517000242.0
007 cr|||| ||||
008 190517s2012 co |||||s|||| 00||0 spa d
020 |a 978-958-695-769-4 
035 |a 23370 
040 |a vLex 
090 |c 8735  |d 8735 
100 1 |a Rodrg̕uez Garavito, Cšar 
245 1 3 |a Las instituciones en Colombia  |h [Recurso electrn̤ico] :  |b un anl̀isis sociolg̤ico /  |c Cšar Rodrg̕uez Garavito, Alejandro Portes 
256 |a Servicio en ln̕ea 
260 |a Bogot:̀  |b Universidad de Los Andes (Colombia),  |c 2012 
300 |a 1 recurso electrn̤ico 
506 1 |a Disponible solo en los productos indicados  |d vLex Global  |d vLex Global (Academic Edition, excluding Law Schools)  |d vLex Global (U.S. Academic Edition, Law Schools)  |d vLex Global (U.S. Academic Edition, excluding Law Schools)  |d vLex Global (Academic Edition, Law Schools) 
650 0 4 |a Derecho Pb︢lico y Administrativo  |z Colombia 
700 1 |a Portes, Alejandro 
740 0 |a vLex Libros (Servicio en ln̕ea) 
856 4 0 |u http://vlex.com/source/instituciones-colombia-analisis-sociologico-23370  |z Acceso restringido 
942 |c BOOK 
999 0 |a Public and Administrative Law